Introducción a la política

Gespeichert in:
Bibliographische Detailangaben
1. Verfasser: Duverger, Maurice
Format: Text
Veröffentlicht: Barcelona: Editorial Ariel
Ausgabe:5
Tags: Tag hinzufügen
Keine Tags, Fügen Sie den ersten Tag hinzu!

MARC

LEADER 00000 a a2200000 04500
001 12563
003
040
020 |a 84-344-1777-4  
022 |a 84-344-1777-4  
090 |a 030100  
100 |a Duverger, Maurice  
245 |a Introducción a la política  
250 |a 5  
260 |a Barcelona:   |b Editorial Ariel  
300 |a 284 p.  
999 |c 14349  |d 14349